[Event "Luxembourg-chT 1213"]
[Site "Luxembourg"]
[Date "2013.04.10"]
[Round "7"]
[White "Biryukov, Alice"]
[Black "Wians, Camille"]
[Result "1-0"]
[WhiteElo "1867"]
[BlackElo "2180"]
[PlyCount "43"]
[EventDate "2012.10.??"]
[EventType "team-tourn"]
[EventRounds "10"]
[EventCountry "LUX"]
[SourceTitle "EXT 2017"]
[Source "ChessBase"]
[SourceDate "2016.10.25"]
[SourceVersion "1"]
[SourceVersionDate "2016.10.25"]
[SourceQuality "1"]

1. e4 c5 2. Nf3 Nc6 3. d4 cxd4 4. Nxd4 e5 5. Nb3 Nf6 6. Nc3 Bb4 7. Bd3 d5 8. exd5 Nxd5 9. Bd2 Nxc3 10. bxc3 Bd6 11. 0-0 0-0 12. f4 f5 13. fxe5 Nxe5 14. Bf4 Qf6 15. Nd4 Bd7 16. Bxf5 Bxf5 17. Nxf5 Bc5+ 18. Be3 Qc6 19. Bxc5 Qxc5+ 20. Qd4 Rfc8 21. Rae1 Ng6 22. Re8+ 1-0

[Event "Luxembourg-chT 1213"]
[Site "Luxembourg"]
[Date "2013.03.10"]
[Round "6"]
[White "Hartung, Jerry"]
[Black "Wians, Camille"]
[Result "1-0"]
[WhiteElo "2222"]
[BlackElo "2180"]
[PlyCount "79"]
[EventDate "2012.10.??"]
[EventType "team-tourn"]
[EventRounds "10"]
[EventCountry "LUX"]
[SourceTitle "EXT 2017"]
[Source "ChessBase"]
[SourceDate "2016.10.25"]
[SourceVersion "1"]
[SourceVersionDate "2016.10.25"]
[SourceQuality "1"]

1. d4 d5 2. Nf3 Nf6 3. e3 Bg4 4. c4 c6 5. Nc3 e6 6. Qb3 Qb6 7. Ne5 Bf5 8. c5 Qc7 9. Bd2 Nfd7 10. f4 f6 11. Nxd7 Nxd7 12. Ne2 b6 13. cxb6 axb6 14. Ng3 Bg6 15. Rc1 Qb7 16. a3 Bd6 17. Bb4 c5 18. Bxc5 Bxc5 19. dxc5 Rc8 20. Qb5 0-0 21. c6 Qa7 22. Be2 Nc5 23. f5 exf5 24. 0-0 Be8 25. Nxf5 Bxc6 26. Qb4 Bd7 27. Ne7+ Kh8 28. Nxc8 Bxc8 29. Rfd1 Qe7 30. Rc3 Be6 31. Bf3 Rd8 32. a4 Ra8 33. a5 Qd7 34. axb6 Na6 35. b7 Rd8 36. Qb6 Nb8 37. Rc7 Qe8 38. Rdc1 d4 39. exd4 Bf5 40. R7c3 1-0

[Event "Luxembourg-chT 1213"]
[Site "Luxembourg"]
[Date "2013.03.03"]
[Round "10"]
[White "Barthel, Ansgar"]
[Black "Wians, Camille"]
[Result "1-0"]
[WhiteElo "2245"]
[BlackElo "2239"]
[PlyCount "57"]
[EventDate "2012.10.??"]
[EventType "team-tourn"]
[EventRounds "10"]
[EventCountry "LUX"]
[SourceTitle "EXT 2017"]
[Source "ChessBase"]
[SourceDate "2016.10.25"]
[SourceVersion "1"]
[SourceVersionDate "2016.10.25"]
[SourceQuality "1"]

1. e4 c5 2. Nf3 Nc6 3. d4 cxd4 4. Nxd4 e5 5. Nb5 d6 6. N1c3 a6 7. Na3 f5 8. exf5 b5 9. Qh5+ g6 10. fxg6 Kd7 11. g7 Bxg7 12. Qg4+ Kc7 13. Qxg7+ Nge7 14. Nd5+ Kb8 15. Nxe7 Nxe7 16. Bg5 Ra7 17. 0-0-0 Rg8 18. Qh6 Rg6 19. Qh4 h6 20. Bxe7 Rxe7 21. f3 d5 22. Rxd5 Qxd5 23. Qxe7 Qxa2 24. Qxe5+ Ka7 25. Bd3 Rb6 26. Rd1 b4 27. Nc4 Rc6 28. Qe7+ Bb7 29. Qxb4 1-0

[Event "Luxembourg-chT 1112"]
[Site "Luxembourg"]
[Date "2012.01.10"]
[Round "4"]
[White "Kessler, Andreas"]
[Black "Wians, Camille"]
[Result "1-0"]
[WhiteElo "2135"]
[BlackElo "2180"]
[PlyCount "88"]
[EventDate "2011.10.??"]
[EventType "team-tourn"]
[EventRounds "10"]
[EventCountry "LUX"]
[SourceTitle "EXT 2017"]
[Source "ChessBase"]
[SourceDate "2016.10.25"]
[SourceVersion "1"]
[SourceVersionDate "2016.10.25"]
[SourceQuality "1"]

1. d4 d5 2. Nf3 Nf6 3. Bf4 Bf5 4. e3 e6 5. Bd3 Bxd3 6. Qxd3 Nbd7 7. Nbd2 Bd6 8. 0-0 0-0 9. h3 Re8 10. Ne5 g6 11. Nxd7 Qxd7 12. Bg5 Kg7 13. Bxf6+ Kxf6 14. f4 Kg7 15. Rae1 a6 16. a3 Qb5 17. Qc3 f5 18. Qb3 Qxb3 19. Nxb3 b6 20. Rc1 c5 21. c3 Rac8 22. Rc2 Re7 23. g3 h6 24. Rg2 a5 25. Kf2 c4 26. Nc1 b5 27. Rfg1 b4 28. axb4 axb4 29. g4 Kh7 30. gxf5 gxf5 31. Rg6 Rf8 32. Ne2 Rff7 33. h4 Re8 34. h5 Be7 35. Kf3 Bf6 36. cxb4 Rb8 37. Ra1 Rxb4 38. Ra6 Rxb2 39. Rxe6 Bg7 40. Nc3 Ra7 41. Nxd5 Raa2 42. Rg1 Rf2+ 43. Kg3 Rh2 44. Rc6 Rhc2 1-0

[Event "Luxembourg-chT 9900"]
[Site "Luxembourg"]
[Date "2000.03.05"]
[Round "8"]
[White "Wians, Camille"]
[Black "Koch, Hans Juergen"]
[Result "1/2-1/2"]
[WhiteElo "2285"]
[BlackElo "2188"]
[PlyCount "68"]
[EventDate "1999.10.24"]
[EventType "team"]
[EventRounds "10"]
[EventCountry "LUX"]
[SourceTitle "EXT 2005"]
[Source "ChessBase"]
[SourceDate "2004.11.15"]
[SourceVersion "1"]
[SourceVersionDate "2004.11.15"]
[SourceQuality "1"]

1. e4 c5 2. Nf3 d6 3. c3 Nf6 4. Bb5+ Nbd7 5. Qe2 a6 6. Ba4 b5 7. Bc2 e5 8. d4 Be7 9. 0-0 0-0 10. Bg5 Bb7 11. dxe5 dxe5 12. Nbd2 Ng4 13. Bxe7 Qxe7 14. Rfd1 Rfd8 15. a4 c4 16. b3 cxb3 17. Nxb3 bxa4 18. Na5 Nc5 19. Nxb7 Qxb7 20. h3 Nf6 21. Nxe5 Ncxe4 22. Qc4 Rdc8 23. Bxe4 Nxe4 24. Qxa4 Nxc3 25. Rd7 Nxa4 26. Rxb7 Nc5 27. Rxf7 Re8 28. Rf5 g6 29. Nxg6 Nb3 30. Ra3 hxg6 31. Rg5 Re1+ 32. Kh2 Nd2 33. Rxg6+ Kf7 34. Rgxa6 Nf1+ 1/2-1/2

[Event "EU-Cup 15th Gr4"]
[Site "Eupen"]
[Date "1999.10.10"]
[Round "3"]
[White "Wians, Camille"]
[Black "Atlas, Valeri"]
[Result "1/2-1/2"]
[WhiteElo "2305"]
[BlackElo "2470"]
[PlyCount "35"]
[EventDate "1999.10.08"]
[EventType "team-k.o."]
[EventRounds "3"]
[EventCountry "BEL"]
[SourceTitle "EXT 2020"]
[Source "ChessBase"]
[SourceDate "2019.10.17"]
[SourceVersion "1"]
[SourceVersionDate "2019.10.17"]
[SourceQuality "1"]
[WhiteTeam "Echternach Sprenger"]
[BlackTeam "Hohenems"]
[WhiteTeamCountry "LUX"]
[BlackTeamCountry "AUT"]

1. c4 c5 2. Nf3 Nf6 3. e3 b6 4. d4 g6 5. Nc3 Bg7 6. d5 d6 7. Bd3 0-0 8. 0-0 e5 9. dxe6 fxe6 10. e4 Nc6 11. h3 Nh5 12. Bg5 Qd7 13. Bc2 Ba6 14. Nb5 d5 15. exd5 exd5 16. Be4 d4 17. Re1 Kh8 18. Nh4 1/2-1/2

[Event "Luxembourg-ch"]
[Site "Luxembourg"]
[Date "1999.04.07"]
[Round "5"]
[White "Schlueter, Yves"]
[Black "Wians, Camille"]
[Result "1/2-1/2"]
[WhiteElo "2099"]
[BlackElo "2295"]
[PlyCount "81"]
[EventDate "1999.04.03"]
[EventType "swiss"]
[EventRounds "9"]
[EventCountry "LUX"]
[SourceTitle "EXT 2005"]
[Source "ChessBase"]
[SourceDate "2004.11.15"]
[SourceVersion "1"]
[SourceVersionDate "2004.11.15"]
[SourceQuality "1"]

1. c4 e5 2. Nc3 Nf6 3. g3 d5 4. cxd5 Nxd5 5. Bg2 Nb6 6. d3 Be7 7. Nf3 Nc6 8. 0-0 0-0 9. a3 a5 10. Bd2 f5 11. Qb3+ Kh8 12. Na4 e4 13. Nxb6 exf3 14. Nxa8 Nd4 15. Qc4 fxg2 16. Kxg2 c5 17. Qa4 Bd7 18. Qxa5 Qxa5 19. Bxa5 Nb3 20. Nb6 Bc6+ 21. f3 Nxa5 22. b4 Nb3 23. Ra2 Nd4 24. Rc1 g5 25. Kf2 f4 26. g4 Rf6 27. Nc8 Bf8 28. bxc5 Nb3 29. Rc3 Bxc5+ 30. Kg2 Rf8 31. Rxb3 Rxc8 32. Rc3 Be3 33. a4 Ra8 34. a5 Ra6 35. Kf1 Kg7 36. Ke1 Bb6 37. Kd1 Kf6 38. Kc1 h6 39. Rxc6+ bxc6 40. axb6 Rxb6 41. Kd2 1/2-1/2

[Event "Luxembourg-ch"]
[Site "Luxembourg"]
[Date "1999.04.06"]
[Round "4"]
[White "Wians, Camille"]
[Black "Stull, Norbert"]
[Result "1-0"]
[WhiteElo "2295"]
[BlackElo "2179"]
[PlyCount "69"]
[EventDate "1999.04.03"]
[EventType "swiss"]
[EventRounds "9"]
[EventCountry "LUX"]
[SourceTitle "EXT 2005"]
[Source "ChessBase"]
[SourceDate "2004.11.15"]
[SourceVersion "1"]
[SourceVersionDate "2004.11.15"]
[SourceQuality "1"]

1. c4 Nf6 2. Nc3 g6 3. g3 Bg7 4. Bg2 0-0 5. e4 d6 6. Nge2 c5 7. 0-0 Nc6 8. d3 Bd7 9. a3 Ne8 10. Rb1 a5 11. Bd2 Nc7 12. Nd5 Nxd5 13. cxd5 Ne5 14. Bc3 Bb5 15. Nf4 Qb6 16. Re1 Rfc8 17. Bf1 a4 18. Kg2 Qa6 19. h4 h5 20. Be2 Bh6 21. Bxh5 Bxf4 22. gxf4 Nxd3 23. Rg1 Nxf4+ 24. Kh2 Be2 25. Qd2 Bxh5 26. Qxf4 Qe2 27. Qh6 f6 28. Rxg6+ Bxg6 29. Qxg6+ Kf8 30. Rg1 Qxf2+ 31. Rg2 Qxh4+ 32. Kg1 Qh8 33. Bd2 e5 34. dxe6 Ke7 35. Qf7+ 1-0

[Event "Luxembourg-ch"]
[Site "Luxembourg"]
[Date "1999.04.03"]
[Round "1"]
[White "Hengel, Guy"]
[Black "Wians, Camille"]
[Result "0-1"]
[WhiteElo "1770"]
[BlackElo "2295"]
[PlyCount "106"]
[EventDate "1999.04.03"]
[EventType "swiss"]
[EventRounds "9"]
[EventCountry "LUX"]
[SourceTitle "EXT 2005"]
[Source "ChessBase"]
[SourceDate "2004.11.15"]
[SourceVersion "1"]
[SourceVersionDate "2004.11.15"]
[SourceQuality "1"]

1. e4 g6 2. Bc4 Bg7 3. d4 d6 4. Nf3 Nc6 5. Be3 Nf6 6. Nbd2 Nxe4 7. Bxf7+ Kxf7 8. Nxe4 Rf8 9. c3 Kg8 10. d5 Ne5 11. Nxe5 Bxe5 12. Bh6 Re8 13. f4 e6 14. Bg5 Qxg5 15. Nxg5 Bxf4 16. Nxe6 Bxe6 17. dxe6 Rxe6+ 18. Kf1 Rf8 19. Qf3 Be5 20. Qxf8+ Kxf8 21. g3 b5 22. a3 Ke7 23. Kf2 Kd7 24. Rhe1 Kc6 25. Re2 Kc5 26. Rc1 g5 27. Ke1 h5 28. Kd1 g4 29. Kc2 Rf6 30. Rce1 Kd5 31. Re4 a6 32. Kb3 c5 33. a4 Rf5 34. R1e2 Rf8 35. axb5 axb5 36. Kc2 c4 37. R4e3 Rb8 38. b3 Ra8 39. bxc4+ bxc4 40. Kb2 h4 41. gxh4 Rh8 42. Rd2+ Kc5 43. Re4 Rxh4 44. Rg2 Rh3 45. Rgxg4 Bxc3+ 46. Kc2 d5 47. Re2 d4 48. Reg2 Kb4 49. R4g3 d3+ 50. Kd1 Rh7 51. Ra2 Kb3 52. Rgg2 Re7 53. Rad2 Ra7 0-1

[Event "Luxembourg-chT 9899"]
[Site "Luxembourg"]
[Date "1999.01.24"]
[Round "7"]
[White "Wians, Camille"]
[Black "Kecap, Ismed"]
[Result "1-0"]
[WhiteElo "2275"]
[BlackElo "2000"]
[PlyCount "117"]
[EventDate "1998.10.08"]
[EventType "team"]
[EventRounds "10"]
[EventCountry "LUX"]
[SourceTitle "EXT 2005"]
[Source "ChessBase"]
[SourceDate "2004.11.15"]
[SourceVersion "1"]
[SourceVersionDate "2004.11.15"]
[SourceQuality "1"]

1. d4 d5 2. Nf3 Bg4 3. Nbd2 f5 4. e3 e6 5. c4 c6 6. Qb3 Qc8 7. Bd3 Nd7 8. h3 Bxf3 9. Nxf3 g6 10. g4 Ne7 11. Bd2 Nb6 12. cxd5 exd5 13. gxf5 Nxf5 14. 0-0-0 Qd7 15. h4 0-0-0 16. h5 Bd6 17. Kb1 Qf7 18. e4 Ng3 19. fxg3 Qxf3 20. e5 Bc7 21. hxg6 hxg6 22. Rxh8 Rxh8 23. Bxg6 Qe2 24. Bc2 Nc4 25. Bf4 Rh2 26. Qd3 Qxd3 27. Rxd3 Kd7 28. e6+ Kc8 29. e7 Re2 30. Re3 Rxe3 31. Bxe3 Kd7 32. Bg5 Nd6 33. g4 Nf7 34. Bf5+ Ke8 35. Bf6 Bd6 36. Bc8 Bxe7 37. Bxe7 Kxe7 38. Bxb7 Kd6 39. Kc2 Ng5 40. b4 Kc7 41. Ba6 Kb6 42. Bd3 a5 43. a3 axb4 44. axb4 Nf3 45. Kc3 Kc7 46. Bf5 Kb6 47. Kd3 Kb5 48. Ke3 Ng5 49. Bd7 Nh7 50. Kf4 Nf6 51. Bxc6+ Kxc6 52. g5 Nd7 53. Kf5 Kd6 54. b5 Nf8 55. g6 Ne6 56. Kf6 Nxd4 57. g7 Nxb5 58. g8Q d4 59. Qc4 1-0

[Event "Luxembourg-chT 9899"]
[Site "Luxembourg"]
[Date "1998.11.22"]
[Round "4"]
[White "Wians, Camille"]
[Black "Mossong, Hubert"]
[Result "1-0"]
[WhiteElo "2275"]
[BlackElo "2195"]
[PlyCount "83"]
[EventDate "1998.10.08"]
[EventType "team"]
[EventRounds "10"]
[EventCountry "LUX"]
[SourceTitle "EXT 2005"]
[Source "ChessBase"]
[SourceDate "2004.11.15"]
[SourceVersion "1"]
[SourceVersionDate "2004.11.15"]
[SourceQuality "1"]

1. Nf3 d6 2. c4 e5 3. Nc3 Nf6 4. g3 Nc6 5. Bg2 Be6 6. d3 Qc8 7. e4 Be7 8. 0-0 Bg4 9. Nd5 0-0 10. Nxe7+ Nxe7 11. b3 Nc6 12. Qd2 a5 13. Bb2 Nd7 14. Nh4 Nc5 15. f4 f6 16. Rf2 Qd7 17. Raf1 Rae8 18. f5 Rb8 19. Bc3 b5 20. h3 Bh5 21. g4 Bf7 22. cxb5 Rxb5 23. g5 Bh5 24. gxf6 Rxf6 25. d4 exd4 26. Bxd4 Nxd4 27. Qxd4 Rb4 28. Qd5+ Bf7 29. Qa8+ Qe8 30. Qxa5 Qb8 31. Re2 Rh6 32. Nf3 Nxe4 33. Rfe1 d5 34. Ne5 Rb5 35. Qa3 Qb6+ 36. Kh2 Bh5 37. Bxe4 dxe4 38. Qa8+ Qb8 39. Qxe4 Bxe2 40. Rxe2 Rf6 41. Qc4+ Kh8 42. Nf7+ 1-0

[Event "LUX-chABC"]
[Site "Dudelange"]
[Date "1997.04.05"]
[Round "8.8"]
[White "Paulus, Sammy"]
[Black "Wians, Camille"]
[Result "0-1"]
[WhiteElo "1900"]
[BlackElo "2310"]
[PlyCount "66"]
[EventDate "1997.03.29"]
[EventType "swiss"]
[EventRounds "9"]
[EventCountry "LUX"]
[SourceTitle "EXT 2013"]
[Source "ChessBase"]
[SourceDate "2012.11.22"]
[SourceVersion "1"]
[SourceVersionDate "2012.11.22"]
[SourceQuality "1"]

1. d4 Nf6 2. c4 e6 3. Nf3 c5 4. Nc3 a6 5. Bg5 cxd4 6. Nxd4 Be7 7. e3 Nc6 8. Be2 d6 9. Nxc6 bxc6 10. 0-0 d5 11. Rc1 0-0 12. Bxf6 Bxf6 13. c5 Be5 14. Bd3 Bc7 15. f4 f5 16. Ne2 Qe7 17. Nd4 Bd7 18. Kh1 e5 19. Ne2 a5 20. a3 a4 21. b4 axb3 22. Qxb3 Ra7 23. Qc3 Rfa8 24. Ra1 Ra5 25. Rfc1 exf4 26. exf4 Qe3 27. Ng3 Bxf4 28. Re1 Qxc5 29. Qxc5 Rxc5 30. Re7 Bxg3 31. Rxd7 Rxa3 32. Rb1 Rb3 33. Ra1 Be5 0-1

[Event "LUX-chABC"]
[Site "Dudelange"]
[Date "1997.03.31"]
[Round "3.2"]
[White "Wians, Camille"]
[Black "Mossong, Hubert"]
[Result "1/2-1/2"]
[WhiteElo "2310"]
[BlackElo "2195"]
[PlyCount "85"]
[EventDate "1997.03.29"]
[EventType "swiss"]
[EventRounds "9"]
[EventCountry "LUX"]
[SourceTitle "EXT 2013"]
[Source "ChessBase"]
[SourceDate "2012.11.22"]
[SourceVersion "1"]
[SourceVersionDate "2012.11.22"]
[SourceQuality "1"]

1. e4 e6 2. c4 c5 3. Nc3 Nc6 4. g3 g6 5. Bg2 Bg7 6. Nge2 Nge7 7. a3 0-0 8. Rb1 d6 9. 0-0 e5 10. d3 Be6 11. b4 Qd7 12. Nd5 Nd4 13. bxc5 dxc5 14. Nxd4 cxd4 15. Bd2 Rfe8 16. f4 f6 17. Rb2 Rac8 18. fxe5 fxe5 19. Qb1 b6 20. Bg5 Nxd5 21. cxd5 Bg4 22. a4 h6 23. Bd2 Rf8 24. a5 Rxf1+ 25. Bxf1 bxa5 26. Bxa5 Qa4 27. Bd2 Qd7 28. Rb7 Rc7 29. Rb8+ Rc8 30. Qb7 Rxb8 31. Qxb8+ Kh7 32. d6 a6 33. Qc7 Bf8 34. h3 Bxd6 35. Qb6 Be6 36. Qxa6 Bf8 37. h4 Bg7 38. Be2 Qc8 39. Qxc8 Bxc8 40. Kf2 Be6 41. h5 Bf6 42. hxg6+ Kxg6 43. Kg2 1/2-1/2

[Event "Olympiad-32"]
[Site "Yerevan"]
[Date "1996.09.19"]
[Round "4.3"]
[White "Wians, Camille"]
[Black "Faraj, Yahya Saleh"]
[Result "1-0"]
[WhiteElo "2315"]
[BlackElo "2280"]
[PlyCount "117"]
[EventDate "1996.09.15"]
[EventType "team-swiss"]
[EventRounds "14"]
[EventCountry "ARM"]
[SourceTitle "CBM 055"]
[Source "ChessBase"]
[SourceDate "1996.12.01"]
[SourceVersion "1"]
[SourceVersionDate "1996.12.01"]
[SourceQuality "1"]
[WhiteTeam "Luxembourg"]
[BlackTeam "Yemen"]
[WhiteTeamCountry "LUX"]
[BlackTeamCountry "YEM"]

1. d4 Nf6 2. Nf3 g6 3. Bg5 Bg7 4. Nbd2 d5 5. e3 0-0 6. c3 Bf5 7. Qb3 b6 8. Be2 Nbd7 9. h3 c5 10. 0-0 Re8 11. Bf4 c4 12. Qd1 Ne4 13. Nxe4 Bxe4 14. Nd2 e5 15. dxe5 Bxe5 16. Nxe4 Bxf4 17. exf4 dxe4 18. Bxc4 Qc7 19. b3 Rad8 20. Qc1 Nc5 21. f5 Nd3 22. Qh6 Rd6 23. Rad1 gxf5 24. Bxf7+ Kh8 25. Qh5 Rf8 26. Bc4 Nf4 27. Qh4 Rg6 28. g3 e3 29. Rd4 exf2+ 30. Kh2 Nh5 31. Rd3 Nf6 32. Qd4 b5 33. Be6 f4 34. gxf4 Rg7 35. Rxf2 Nh5 36. Rdf3 a6 37. Qe5 Qxe5 38. fxe5 Rxf3 39. Rxf3 Re7 40. Rf5 Rxe6 41. Rxh5 Rc6 42. Kg3 Rxc3+ 43. Kf4 Kg7 44. Kf5 Rc2 45. a4 b4 46. Rg5+ Kf8 47. Kf6 Rc3 48. e6 Rf3+ 49. Rf5 Rxb3 50. Ra5 Rf3+ 51. Ke5 Rxh3 52. Rxa6 h5 53. Ra8+ Ke7 54. Ra7+ Ke8 55. Rb7 Rb3 56. a5 Ra3 57. a6 Rxa6 58. Kf6 Ra8 59. Rh7 1-0

[Event "Luxembourg op"]
[Site "Luxembourg"]
[Date "1996.??.??"]
[Round "6"]
[White "Wians, Camille"]
[Black "Feller, Joseph"]
[Result "1-0"]
[WhiteElo "2290"]
[BlackElo "2255"]
[PlyCount "69"]
[EventDate "1996.??.??"]
[EventType "swiss"]
[EventRounds "9"]
[EventCountry "LUX"]
[SourceTitle "EXT 2005"]
[Source "ChessBase"]
[SourceDate "2004.11.15"]
[SourceVersion "1"]
[SourceVersionDate "2004.11.15"]
[SourceQuality "1"]

1. Nf3 d5 2. c4 dxc4 3. g3 Nf6 4. Bg2 Nbd7 5. a4 a5 6. Na3 Nb6 7. Qc2 Bd7 8. Nxc4 Nxc4 9. Qxc4 Bc6 10. 0-0 e6 11. d3 Be7 12. e4 Nd7 13. Nd4 Ne5 14. Nxc6 Nxc6 15. Qb5 Qd7 16. Be3 Nd8 17. d4 Qxb5 18. axb5 c6 19. b6 Bb4 20. Rac1 Ra6 21. d5 c5 22. Rxc5 Bxc5 23. Bxc5 f6 24. Rc1 Kf7 25. Be3 Ra8 26. Rc7+ Kg6 27. dxe6 Nxe6 28. Rxb7 Rhd8 29. f4 f5 30. exf5+ Kxf5 31. Rf7+ Kg6 32. f5+ Kxf7 33. fxe6+ Kxe6 34. Bxa8 Rxa8 35. Bf4 1-0

[Event "Cappelle op 10th"]
[Site "Cappelle la Grande"]
[Date "1994.??.??"]
[Round "6"]
[White "Wians, Camille"]
[Black "Solozhenkin, Evgeniy"]
[Result "0-1"]
[WhiteElo "2275"]
[BlackElo "2525"]
[PlyCount "62"]
[EventDate "1994.02.??"]
[EventType "swiss"]
[EventRounds "9"]
[EventCountry "FRA"]
[SourceTitle "TD"]
[Source "ChessBase"]
[SourceDate "1994.03.01"]
[SourceVersion "1"]
[SourceVersionDate "1994.03.01"]
[SourceQuality "1"]

1. d4 Nf6 2. Bg5 Ne4 3. h4 d5 4. Nd2 Bf5 5. Nxe4 Bxe4 6. e3 c5 7. Nf3 Nc6 8. dxc5 f6 9. Bf4 e5 10. Bg3 Bxc5 11. c3 a6 12. Be2 0-0 13. 0-0 Kh8 14. h5 Qe7 15. b4 Bb6 16. Qb3 Qf7 17. Nd2 Bf5 18. b5 axb5 19. Qxb5 Ba5 20. Qb2 Rad8 21. Nb3 Bb6 22. Rfd1 Ba7 23. a4 Be6 24. Rab1 f5 25. h6 g5 26. c4 Qf6 27. cxd5 Bxd5 28. Bb5 f4 29. Bh2 fxe3 30. fxe3 Bxe3+ 31. Kh1 Qxh6 0-1

[Event "WchT U26 09th"]
[Site "Paranana"]
[Date "1993.11.12"]
[Round "9"]
[White "Leitao, Rafael Duailibe"]
[Black "Wians, Camille"]
[Result "1-0"]
[WhiteElo "2295"]
[BlackElo "2250"]
[PlyCount "57"]
[EventDate "1993.11.02"]
[EventType "team-swiss"]
[EventRounds "9"]
[EventCountry "PAN"]
[SourceTitle "EXT 2020"]
[Source "ChessBase"]
[SourceDate "2019.10.17"]
[SourceVersion "1"]
[SourceVersionDate "2019.10.17"]
[SourceQuality "1"]
[WhiteTeam "Brazil"]
[BlackTeam "Luxembourg"]
[WhiteTeamCountry "BRA"]
[BlackTeamCountry "LUX"]

1. d4 d6 2. c4 c6 3. Nc3 Nf6 4. e4 Nbd7 5. Nf3 e5 6. Be2 Be7 7. 0-0 0-0 8. h3 Re8 9. Be3 exd4 10. Nxd4 Bf8 11. Qc2 Nc5 12. Bf3 Qe7 13. Rfe1 Nfxe4 14. Bf4 f5 15. b4 Qf6 16. bxc5 Qxd4 17. Nxe4 fxe4 18. Bxe4 Bf5 19. Bxf5 Qxf4 20. Bxh7+ Kh8 21. g3 Qf6 22. Rad1 d5 23. cxd5 cxd5 24. Bf5 Re5 25. Rxe5 Qxe5 26. Qd3 Bxc5 27. Qf3 Bd4 28. Qh5+ Kg8 29. Rxd4 1-0

[Event "WchT U26 09th"]
[Site "Paranana"]
[Date "1993.11.08"]
[Round "6"]
[White "Wians, Camille"]
[Black "Toloza Soto, Pablo Alejandro"]
[Result "1-0"]
[WhiteElo "2250"]
[BlackElo "2190"]
[PlyCount "93"]
[EventDate "1993.11.02"]
[EventType "team-swiss"]
[EventRounds "9"]
[EventCountry "PAN"]
[SourceTitle "EXT 2020"]
[Source "ChessBase"]
[SourceDate "2019.10.17"]
[SourceVersion "1"]
[SourceVersionDate "2019.10.17"]
[SourceQuality "1"]
[WhiteTeam "Luxembourg"]
[BlackTeam "Chile"]
[WhiteTeamCountry "LUX"]
[BlackTeamCountry "CHI"]

1. d3 d5 2. Nf3 Nf6 3. g3 g6 4. Bg2 Bg7 5. 0-0 0-0 6. Nc3 c5 7. e4 Nc6 8. Bg5 dxe4 9. dxe4 h6 10. Be3 Qa5 11. Nd2 Ng4 12. Bf4 g5 13. Nb3 Qa6 14. Bd2 Qc4 15. h3 Nf6 16. Re1 Nd7 17. Nd5 Qa4 18. Bf1 b5 19. Be3 e6 20. Nc3 Bxc3 21. bxc3 Nf6 22. Nxc5 Qa5 23. Qd6 Nb8 24. Rad1 Ne8 25. Qd2 a6 26. f4 f6 27. e5 Ra7 28. Nb3 Qc7 29. Bxa7 Qxa7+ 30. Qd4 Qg7 31. Bg2 gxf4 32. Qxf4 Nd7 33. exf6 Rxf6 34. Qh4 e5 35. Rf1 Rxf1+ 36. Rxf1 Ndf6 37. Kh2 Kh7 38. Nc5 Qe7 39. Ne4 Kg7 40. Nxf6 Nxf6 41. Qb4 Qe6 42. Qc5 e4 43. Qd4 Bb7 44. g4 Kg6 45. Kg3 Ne8 46. h4 Bd5 47. Rf5 1-0

[Event "WchT U26 09th"]
[Site "Paranana"]
[Date "1993.11.03"]
[Round "2"]
[White "Wians, Camille"]
[Black "Chabanon, Jean Luc"]
[Result "1/2-1/2"]
[WhiteElo "2250"]
[BlackElo "2415"]
[PlyCount "25"]
[EventDate "1993.11.02"]
[EventType "team-swiss"]
[EventRounds "9"]
[EventCountry "PAN"]
[SourceTitle "EXT 2020"]
[Source "ChessBase"]
[SourceDate "2019.10.17"]
[SourceVersion "1"]
[SourceVersionDate "2019.10.17"]
[SourceQuality "1"]
[WhiteTeam "Luxembourg"]
[BlackTeam "France"]
[WhiteTeamCountry "LUX"]
[BlackTeamCountry "FRA"]

1. d3 d5 2. Nf3 c6 3. Bf4 Bg4 4. Nbd2 Nd7 5. h3 Bh5 6. g4 Bg6 7. Bg2 e6 8. e4 Bc5 9. Qe2 Ne7 10. 0-0-0 Qa5 11. Kb1 Qa6 12. Ne5 0-0-0 13. exd5 1/2-1/2

[Event "Brussels zt"]
[Site "Brussels"]
[Date "1993.??.??"]
[Round "10"]
[White "Prie, Eric"]
[Black "Wians, Camille"]
[Result "1-0"]
[WhiteElo "2470"]
[BlackElo "2265"]
[PlyCount "51"]
[EventDate "1993.04.??"]
[EventType "swiss"]
[EventRounds "11"]
[EventCountry "BEL"]
[SourceTitle "CBM 034 Extra"]
[Source "ChessBase"]
[SourceDate "1993.07.01"]
[SourceVersion "1"]
[SourceVersionDate "1993.07.01"]
[SourceQuality "1"]

1. e4 c5 2. Nf3 d6 3. d4 cxd4 4. Nxd4 Nf6 5. Nc3 a6 6. Bg5 e6 7. f4 Qc7 8. Qe2 Nbd7 9. 0-0-0 Be7 10. g3 0-0 11. Bg2 Nb6 12. h4 e5 13. Nf5 Bxf5 14. exf5 Rac8 15. g4 exf4 16. Bxf4 Nc4 17. Rh3 Qb6 18. b3 Ne5 19. g5 Rxc3 20. Rxc3 Nfd7 21. Kb1 Qb4 22. Qd2 d5 23. Qd4 Nc4 24. Rxc4 dxc4 25. Qxd7 cxb3 26. axb3 1-0